| 000 | 00916nam0a2200277 4500 | ||
|---|---|---|---|
| 001 | RU\NLR\BIBL_A\022343481 | ||
| 005 | 20260406072646.0 | ||
| 035 | _a(NLR Aleph) 022343481 | ||
| 090 |
_a13325953 _c13325953 |
||
| 100 | _a20241007d1948 |||y0rusy50 ca | ||
| 101 | 0 | _abua | |
| 102 | _aRU | ||
| 105 | _ay z 000 y | ||
| 181 | 0 |
_ai _baxxe |
|
| 182 | 0 | _an | |
| 200 | 1 |
_aБаяр _eшүлэгүүд _fШираб Нимбуев |
|
| 203 |
_aТекст _bвизуальный _cнепосредственный |
||
| 210 |
_aУлан-Удэ _cБурят-Монголой Гүрэнэй хэблэл _d1948 |
||
| 215 |
_a102, [1] с. _d13 |
||
| 541 | 1 |
_aРадость _eстихи _zrus |
|
| 686 | 1 | _aШ6(2=Бур)7-5 | |
| 700 | 1 |
_4070 _cбурят. _8rus _7ca _aНимбуев _bШ. _f1910-1972 _gШираб _3RU\NLR\auth-onl\77385 _9130441 |
|
| 852 |
_aNLR _bОНЛ _jБур./1-159 |
||
| 942 | _cBOOK | ||
| 980 | _aNB | ||